01352nam0a2200301 4500001001900000005001700019010001800036021001900054035002200073035002600095100004100121101001300162102000700175105001800182106000600200200007400206210004600280215002000326225010300346300005100449610036200500686002800862686003600890700003900926801003100965801002600996801002801022RU\NLR\bibl\79154720250614122645.0 a5-7024-1889-1 aRUb2004-79499 aRSL-KNO-002555959 a(NLR Aleph) 000780787 a20041223d2005 |||y0rusy50 ca1 aruscund aRU ay ||||||||| ar1 aПосле дождяeроманe[пер.]fМаргарет Мюр aМ.cПанорамаd2005 [т.е. 2004] a189,[1] с.d171 aПанорама романов о любвиeПериод. лит.-худож. альм.v05-021 aКн. фактически изд. в 2004 г.0 aФилологические науки. Художественная литература -- Великобритания -- Английская литература -- с 1945 г. -- Произведения художественной литературы -- Художественная проза -- Романы. Повести. Рассказы aШ5(4Вл)62-6442rubbk aШ6(4Вл)67-440.4{Лх1299-50} 1aМюрbМ.gМаргарет4070 0aRUbRuMoRKPc20041223grcr 1aRUbRuMoRGBc20041223 2aRUbNLRc20050422gPSBO